000 00596nam a2200205 a 4500
001 3602
005 20180713183524.0
008 140415s1990 000 0 spa d
020 _a9688801844
041 _aspa
082 _a658.154
_bWEL
100 1 _aWELSCH, GLENN A.
245 1 0 _aPRESUPUESTOS PLANIFICACION Y CONTROL DE UTILIDADES
250 _a2a ed.
260 _a[s.l.] :
_bPRENTICE-HALL HISPANOAMERICANA,
_c1990
300 _a697
650 1 4 _aADMINISTRACION
_xPRESUPUESTO
700 1 _aVAZQUEZ PRADA GUTIERREZ, JULIAN
_etr.
700 1 _aHILTON, RONALD W.
_ecoaut.
999 _c3602
_d3602